[Event "4NCL 2011-12"]
[Site "Hinckley ENG"]
[Date "2012.01.14"]
[Round "3.84"]
[White "Eggleston, David J"]
[Black "Rose, Matthew"]
[Result "0-1"]
[WhiteTitle "FM"]
[WhiteElo "2367"]
[BlackElo "2282"]
[WhiteTeam "Cheddleton"]
[BlackTeam "Oxford"]
[WhiteFideId "412120"]
[BlackFideId "407941"]
[EventDate "2011.11.12"]

1. e4 c5 2. Nf3 d6 3. d4 cxd4 4. Nxd4 Nf6 5. Nc3 Nc6 6. Bg5 e6 7. Qd2 a6 8.
O-O-O Nxd4 9. Qxd4 Be7 10. f4 b5 11. Be2 Bb7 12. Bf3 O-O 13. e5 Bxf3 14. exf6
gxf6 15. gxf3 fxg5 16. Ne4 f5 17. Nxg5 Bxg5 18. Rhg1 Qf6 19. Rxg5+ Kh8 20. Qxf6+
Rxf6 21. Rxd6 Rh6 22. Rg2 Rh3 23. Rf2 Rh4 24. Rxe6 Rxf4 25. b3 b4 26. Kb2 a5 27.
a4 bxa3+ 28. Kxa3 Kg7 29. Rb6 h5 30. c4 a4 31. c5 axb3+ 32. Kxb3 Ra1 33. Rb7+
Kf6 34. c6 Rb1+ 35. Rb2 Rc1 36. Rh7 Rxf3+ 37. Ka4 Rfc3 38. Rb6 Kg6 39. Rc7 f4
40. Rb4 f3 41. Rbb7 Rxc6 42. Rg7+ Kf5 43. Rg3 R6c4+ 44. Kb3 Rf4 45. Rf7+ Ke4 46.
Re7+ Kd4 47. Rd7+ Ke3 48. Kb2 Rh1 49. Kc3 Rxh2 50. Rd3+ Kf2 51. Rg5 Re4 52. Rf5
Re3 53. Kd2 Rxd3+ 54. Kxd3 Rh4 55. Kd2 Rh1 56. Rg5 h4 57. Rg4 h3 58. Rg8 Rg1 59.
Rh8 Rg3 60. Rh7 Kg2 61. Kd1 f2 0-1

[Event "4NCL 2011-12"]
[Site "Hinckley ENG"]
[Date "2012.01.14"]
[Round "3.85"]
[White "Dickinson, Tim R"]
[Black "Arkell, Keith C"]
[Result "0-1"]
[BlackTitle "GM"]
[WhiteElo "2152"]
[BlackElo "2418"]
[WhiteTeam "Oxford"]
[BlackTeam "Cheddleton"]
[WhiteFideId "405728"]
[BlackFideId "400270"]
[EventDate "2011.11.12"]

1. Nc3 d5 2. e4 dxe4 3. Nxe4 Nd7 4. b3 Ngf6 5. Nxf6+ Nxf6 6. Bb2 g6 7. g3 Bg7 8.
Bg2 O-O 9. Ne2 c5 10. O-O Qc7 11. Nc3 Rd8 12. Qe2 Bf5 13. d3 Qd7 14. Rfe1 Re8
15. Nd1 Bh3 16. Bh1 Rad8 17. Ne3 h5 18. Nc4 Qc8 19. a4 Bg4 20. Qd2 b6 21. Ne3
Ne4 22. Bxe4 Bxb2 23. Rab1 Bd4 24. Nxg4 hxg4 25. Qg5 Bf6 26. Qh6 Bg7 27. Qg5 f5
28. Qxg6 fxe4 29. Rxe4 Rd6 30. Qg5 Rd4 31. Rbe1 Rxe4 32. Rxe4 e5 33. Rxg4 Qc7
34. h4 Qe7 35. Qg6 Qf7 36. h5 Qxg6 37. Rxg6 Kf7 38. f3 Bf6 39. Kg2 Rh8 0-1

[Event "4NCL 2011-12"]
[Site "Hinckley ENG"]
[Date "2012.01.14"]
[Round "3.86"]
[White "Bellin, Robert"]
[Black "Smallbone, Kieran D"]
[Result "1/2-1/2"]
[WhiteTitle "IM"]
[WhiteElo "2355"]
[BlackElo "2219"]
[WhiteTeam "Cheddleton"]
[BlackTeam "Oxford"]
[WhiteFideId "400343"]
[BlackFideId "406589"]
[EventDate "2011.11.12"]

1. c4 c6 2. Nf3 d5 3. e3 Nf6 4. b3 Bg4 5. Bb2 e6 6. Be2 Nbd7 7. Nc3 Be7 8. cxd5
cxd5 9. Nd4 Bxe2 10. Qxe2 Rc8 11. O-O O-O 12. Rac1 Re8 13. f4 Nb8 14. a3 Nc6 15.
Nxc6 Rxc6 16. Nb5 Rxc1 17. Rxc1 a6 18. Nd4 Qd7 19. Qd1 Rc8 20. Rc2 Ne4 21. Nf3
Rxc2 22. Qxc2 Qc6 23. Qxc6 bxc6 24. Kf1 a5 25. d4 c5 26. Ke2 cxd4 27. exd4 f6
28. Nd2 Nxd2 29. Kxd2 Kf7 30. a4 Ke8 31. Bc3 Bd8 32. Kd3 Kd7 33. Ke3 Kc6 34. g4
f5 35. h3 Bc7 36. Kf3 g6 37. g5 Bd8 38. Ke3 Bc7 39. Kf3 Bd8 40. Ke3 Bc7 1/2-1/2

[Event "4NCL 2011-12"]
[Site "Hinckley ENG"]
[Date "2012.01.14"]
[Round "3.87"]
[White "White, Michael J R"]
[Black "Van Weersel, Arlette"]
[Result "1-0"]
[WhiteTitle "FM"]
[BlackTitle "WIM"]
[WhiteElo "2214"]
[BlackElo "2194"]
[WhiteTeam "Oxford"]
[BlackTeam "Cheddleton"]
[WhiteFideId "407380"]
[BlackFideId "1009877"]
[EventDate "2011.11.12"]

1. e4 e5 2. Nf3 Nc6 3. d4 exd4 4. Nxd4 Qf6 5. Be3 Bc5 6. c3 d6 7. Bc4 Ne5 8. Be2
Qg6 9. O-O Bh3 10. Bf3 Nxf3+ 11. Qxf3 Bg4 12. Qg3 Nf6 13. Nd2 Bd7 14. f3 Qxg3
15. hxg3 O-O 16. Nc2 Bxe3+ 17. Nxe3 Rfe8 18. g4 h6 19. Kf2 Bc6 20. c4 a5 21. Nd5
Bxd5 22. cxd5 Nd7 23. Rac1 Nc5 24. Rc3 Re7 25. Rfc1 g6 26. Nb3 b6 27. Nd4 Kg7
28. b3 Rh8 29. a3 h5 30. b4 axb4 31. axb4 Nxe4+ 32. fxe4 Rxe4 33. Rd3 Rf4+ 34.
Kg1 Rxg4 35. Rxc7 Re8 36. Kf2 Rf4+ 37. Kg3 Rg4+ 38. Kf3 Ree4 39. Ne6+ Kf6 40.
Nd8 g5 41. Rxf7+ Kg6 42. Re3 Rxe3+ 43. Kxe3 Rxg2 44. Rd7 Kf6 45. Rxd6+ Ke5 46.
Nf7+ Kf5 47. Rxb6 Rg1 48. Rh6 Ra1 49. d6 Ra7 50. Rh7 Kf6 51. Nxg5 Ra3+ 52. Kf4
Ra4 53. d7 1-0

[Event "4NCL 2011-12"]
[Site "Hinckley ENG"]
[Date "2012.01.14"]
[Round "3.88"]
[White "McKenna, Jason P"]
[Black "Miranda Gonzalez, Nicole"]
[Result "0-1"]
[WhiteElo "2110"]
[BlackElo "2027"]
[WhiteTeam "Cheddleton"]
[BlackTeam "Oxford"]
[WhiteFideId "403857"]
[BlackFideId "3405770"]
[EventDate "2011.11.12"]

1. e4 c5 2. Nf3 Nc6 3. d4 cxd4 4. Nxd4 Nf6 5. Nc3 e5 6. Ndb5 d6 7. a4 a6 8. Na3
h6 9. Bc4 Be7 10. O-O Be6 11. Be3 O-O 12. Qf3 Nb4 13. Nd5 Nbxd5 14. exd5 Bd7 15.
Bd3 Ng4 16. Bf5 Nxe3 17. fxe3 Bxa4 18. Qg4 Be8 19. Rf3 b5 20. Raf1 Kh8 21. Nb1
Qb6 22. Nc3 Bg5 23. Ne4 Bxe3+ 24. Kh1 f6 25. Be6 Bf7 26. Bxf7 Rxf7 27. Qe6 Raa7
28. Nxd6 Rfe7 29. Qc8+ Kh7 30. Nf5 Rec7 31. Qf8 Bc5 32. d6 Rf7 33. Qe8 Bxd6 34.
Rd3 Bf8 35. Rfd1 Qf2 36. Ne3 Bc5 37. Ng4 Qxc2 38. Rd8 Rf8 39. Nxf6+ Rxf6 40.
Qg8+ Kg6 41. R8d3 Qxd3 0-1

[Event "4NCL 2011-12"]
[Site "Hinckley ENG"]
[Date "2012.01.15"]
[Round "4.13"]
[White "Rowson, Jonathan"]
[Black "Kosten, Anthony C."]
[Result "1-0"]
[WhiteTitle "GM"]
[BlackTitle "GM"]
[WhiteElo "2581"]
[BlackElo "2498"]
[WhiteTeam "Wood Green Hilsmark 1"]
[BlackTeam "Guildford 1"]
[WhiteFideId "2400561"]
[BlackFideId "400114"]
[EventDate "2011.11.12"]

1. d4 Nf6 2. c4 e6 3. Nf3 Bb4+ 4. Nbd2 b6 5. a3 Bxd2+ 6. Bxd2 Bb7 7. Bf4 d6 8.
e3 Nbd7 9. Be2 Qe7 10. h3 a5 11. O-O O-O 12. Bh2 Ne4 13. Qc2 a4 14. Rad1 f5 15.
Ne1 e5 16. Nd3 Ng5 17. c5 bxc5 18. dxe5 dxe5 19. b4 Ba6 20. bxc5 Ne4 21. c6 Nb6
22. Rc1 Rad8 23. Rfd1 Qxa3 24. Bxe5 Qe7 25. Bd4 Rb8 26. Nf4 Bxe2 27. Qxe2 Nf6
28. Bc5 Qf7 29. Bxf8 Rxf8 30. Qb5 g5 31. Nd3 Ne4 32. Nc5 g4 33. Nxe4 fxe4 34.
Qg5+ Kh8 35. Qe5+ 1-0

[Event "4NCL 2011-12"]
[Site "Hinckley ENG"]
[Date "2012.01.15"]
[Round "4.15"]
[White "Pert, Nicholas"]
[Black "Smerdon, David"]
[Result "1-0"]
[WhiteTitle "GM"]
[BlackTitle "GM"]
[WhiteElo "2563"]
[BlackElo "2513"]
[WhiteTeam "Wood Green Hilsmark 2"]
[BlackTeam "Guildford 1"]
[WhiteFideId "403989"]
[BlackFideId "3202305"]
[EventDate "2011.11.12"]

1. Nf3 e6 2. g3 d5 3. Bg2 f5 4. O-O Nf6 5. c4 c6 6. d3 dxc4 7. dxc4 Qxd1 8. Rxd1
Bc5 9. Nc3 Ng4 10. e3 e5 11. h3 e4 12. hxg4 exf3 13. Bxf3 fxg4 14. Bg2 Bf5 15.
Nb5 Na6 16. Nd6+ Bxd6 17. Rxd6 Ke7 18. Rd1 Rhd8 19. Rxd8 Rxd8 20. e4 Rd1+ 21.
Kh2 Kf7 22. exf5 Nc5 23. Be3 Rxa1 24. Bxc5 Rxa2 25. Bd4 Ra1 26. Be4 a5 27. Kg2
Rc1 28. Bc3 a4 29. Bd2 Rxc4 30. Bb1 Rc5 31. Kf1 Ke8 32. Bd3 b5 33. Ke2 Re5+ 34.
Kd1 Kf7 35. Bc3 Rd5 36. Kc2 Rd8 37. Be2 h5 38. f3 h4 39. fxg4 hxg3 40. Bf3 Rd5
41. Bxd5+ cxd5 42. g5 g2 43. Bd4 Ke7 44. Kd3 Kd6 45. Ke2 g1=B 46. Bxg1 Ke5 47.
f6 gxf6 48. g6 Ke6 49. Bd4 1-0

[Event "4NCL 2011-12"]
[Site "Hinckley ENG"]
[Date "2012.01.15"]
[Round "4.16"]
[White "Zhou, Yang-Fan"]
[Black "Lalic, Bogdan"]
[Result "1/2-1/2"]
[WhiteTitle "IM"]
[BlackTitle "GM"]
[WhiteElo "2436"]
[BlackElo "2454"]
[WhiteTeam "Guildford"]
[BlackTeam "Wood Green Hilsmark"]
[WhiteFideId "468584"]
[BlackFideId "409081"]
[EventDate "2011.11.12"]

1. e4 c5 2. Nf3 d6 3. d4 cxd4 4. Nxd4 Nf6 5. Nc3 a6 6. h3 e6 7. g4 d5 8. exd5
Nxd5 9. Nde2 Bb4 10. Bg2 O-O 11. O-O Nxc3 12. Nxc3 Qc7 13. Qd4 Bd6 14. Be3 Bd7
15. Rad1 Bh2+ 16. Kh1 Be5 17. Qb6 Bc6 18. f4 Qxb6 19. Bxb6 Bxc3 20. bxc3 Nd7 21.
Bxc6 Nxb6 22. Bxb7 Ra7 23. Bf3 Na4 24. Rd4 Nxc3 25. Rc4 Nd5 26. Bxd5 exd5 27.
Rd4 Rc7 28. Rf2 Rc3 29. Rxd5 1/2-1/2

[Event "4NCL 2011-12"]
[Site "Hinckley ENG"]
[Date "2012.01.15"]
[Round "4.18"]
[White "Brunner, Nicolas"]
[Black "Arakhamia-Grant, Ketevan"]
[Result "1/2-1/2"]
[WhiteTitle "IM"]
[BlackTitle "GM"]
[WhiteElo "2456"]
[BlackElo "2443"]
[WhiteTeam "Guildford"]
[BlackTeam "Wood Green Hilsmark 1"]
[WhiteFideId "620246"]
[BlackFideId "13600168"]
[EventDate "2011.11.12"]

1. d4 Nf6 2. c4 g6 3. Nc3 Bg7 4. e4 d6 5. Nf3 O-O 6. Be2 e5 7. O-O Nc6 8. d5 Ne7
9. b4 a5 10. Ba3 Nd7 11. bxa5 Rxa5 12. Bb4 Ra8 13. a4 Bh6 14. Ne1 f5 15. Nd3 Nf6
16. Bf3 c5 17. Ba3 b6 18. Re1 Ba6 19. Nb5 Qd7 20. Bb2 Bxb5 21. axb5 Rxa1 22.
Bxa1 fxe4 23. Bxe4 Nf5 24. Bxf5 Qxf5 25. f3 Ra8 26. Bb2 Ra2 27. Qb3 Ra7 28. Nf2
Bd2 29. Re2 Qb1+ 30. Nd1 Bc3 31. Qxc3 Qxd1+ 32. Re1 Qd4+ 33. Qxd4 cxd4 34. Ra1
Rxa1+ 35. Bxa1 Nd7 36. Bb2 Kf7 37. Ba3 Ke7 38. Kf2 Nc5 39. Bxc5 dxc5 40. Ke2 Kd6
41. Kd3 g5 42. g4 Ke7 43. Ke4 Kd6 44. Kd3 Ke7 45. Ke4 1/2-1/2

[Event "4NCL 2011-12"]
[Site "Hinckley ENG"]
[Date "2012.01.15"]
[Round "4.21"]
[White "Slavin, Alexei"]
[Black "Bates, Richard A"]
[Result "1-0"]
[WhiteTitle "IM"]
[BlackTitle "IM"]
[WhiteElo "2400"]
[BlackElo "2386"]
[WhiteTeam "e2e4.org.uk"]
[BlackTeam "Blackthorne Russia"]
[WhiteFideId "24104388"]
[BlackFideId "403555"]
[EventDate "2011.11.12"]

1. Nf3 Nf6 2. c4 g6 3. Nc3 Bg7 4. e4 O-O 5. d4 d6 6. h3 e5 7. d5 a5 8. g4 Na6 9.
Be3 Nc5 10. Nd2 c6 11. Be2 Ne8 12. Nb3 cxd5 13. cxd5 b6 14. Qd2 f5 15. gxf5 gxf5
16. exf5 Bxf5 17. Nxc5 bxc5 18. Bg4 Qf6 19. O-O-O Rb8 20. Rdg1 Rb4 21. Bxf5 Qxf5
22. a3 Rh4 23. Rg3 Rf7 24. Qe2 Nc7 25. Rg4 Rxg4 26. hxg4 Qf3 27. Qxf3 Rxf3 28.
Kd2 e4 29. Rh5 Bxc3+ 30. Kxc3 Ne8 31. Kc4 Nf6 32. Rh4 Nd7 33. Kb5 Ne5 34. g5 Rf8
35. Rxe4 Rb8+ 36. Kxa5 Rxb2 37. Bxc5 Rd2 38. Rd4 dxc5 39. Rxd2 Nc4+ 40. Kb5 Nxd2
41. Kxc5 Kf8 42. a4 Ke7 43. Kc6 Nb3 44. f4 Kd8 45. Kd6 Ke8 46. f5 1-0

[Event "4NCL 2011-12"]
[Site "Hinckley ENG"]
[Date "2012.01.15"]
[Round "4.22"]
[White "Ansell, Simon T"]
[Black "Ghasi, Ameet K"]
[Result "1/2-1/2"]
[WhiteTitle "IM"]
[BlackTitle "FM"]
[WhiteElo "2389"]
[BlackElo "2400"]
[WhiteTeam "Blackthorne Russia"]
[BlackTeam "e2e4.org.uk"]
[WhiteFideId "402141"]
[BlackFideId "409200"]
[EventDate "2011.11.12"]

1. e4 g6 2. d4 Bg7 3. Nf3 d6 4. c3 b6 5. Bd3 Bb7 6. O-O e6 7. Nbd2 Ne7 8. Re1
Nd7 9. Nf1 h6 10. Ng3 a6 11. Bc2 c5 12. d5 e5 13. h4 O-O 14. h5 b5 15. Nh2 f5
16. hxg6 f4 17. Nf5 Nf6 18. a4 Nxf5 19. exf5 Bxd5 20. g3 Qd7 21. Ng4 Qb7 22.
Nxf6+ Rxf6 23. Qh5 Bf3 24. Qh3 h5 25. axb5 axb5 26. Rxa8+ Qxa8 27. gxf4 Bg4 28.
Qh1 Qxh1+ 29. Kxh1 Bxf5 30. Bxf5 Rxf5 31. Rd1 Bf8 32. fxe5 Rxe5 33. Bf4 Rf5 34.
Bxd6 Bxd6 35. Rxd6 Rxf2 36. Rd5 Rxb2 37. Rxc5 h4 38. Rc7 Rc2 39. Rb7 Rxc3 40.
Rxb5 Kg7 1/2-1/2

[Event "4NCL 2011-12"]
[Site "Hinckley ENG"]
[Date "2012.01.15"]
[Round "4.23"]
[White "Fernandez, Daniel Howard"]
[Black "Ledger, Andrew J"]
[Result "1/2-1/2"]
[WhiteTitle "IM"]
[BlackTitle "IM"]
[WhiteElo "2344"]
[BlackElo "2424"]
[WhiteTeam "e2e4.org.uk"]
[BlackTeam "Blackthorne Russia"]
[WhiteFideId "5801605"]
[BlackFideId "400610"]
[EventDate "2011.11.12"]

1. e4 c6 2. d4 d5 3. Nc3 dxe4 4. Nxe4 Bf5 5. Nc5 e5 6. Nxb7 Qb6 7. Nc5 exd4 8.
Nb3 c5 9. Be2 Nf6 10. Nf3 Bd6 11. O-O O-O 12. Nbd2 Nc6 13. Nc4 Qc7 14. Bg5 Ne4
15. Bh4 Rfe8 16. Re1 Bf4 17. Bg3 h6 18. Bd3 Nb4 19. a3 Bxg3 20. hxg3 Nxd3 21.
cxd3 Nd6 22. Nxd6 Qxd6 23. Qd2 Rab8 24. Rxe8+ Rxe8 25. b4 Rb8 26. Qf4 Qxf4 27.
gxf4 cxb4 28. axb4 Rxb4 29. Rxa7 Bxd3 30. Rd7 Be4 31. Nxd4 g5 32. f3 Bb1 33.
fxg5 hxg5 34. Rd5 Kh7 35. Nc6 Rb6 36. Rc5 f6 37. Kh2 Rb7 38. Rd5 Kg6 39. Rd6 Kg7
40. Kg3 Bf5 41. Nd4 Bd7 42. Ne2 Bf5 43. Nc3 Rd7 44. Rxd7+ Bxd7 45. Kf2 Bc6 46.
Ke3 g4 47. fxg4 Bxg2 48. Kf4 Bh3 1/2-1/2

[Event "4NCL 2011-12"]
[Site "Hinckley ENG"]
[Date "2012.01.15"]
[Round "4.24"]
[White "Eames, Robert S"]
[Black "Kilpatrick, Callum"]
[Result "0-1"]
[WhiteTitle "FM"]
[WhiteElo "2241"]
[BlackElo "2315"]
[WhiteTeam "Blackthorne Russia"]
[BlackTeam "e2e4.org.uk"]
[WhiteFideId "408743"]
[BlackFideId "414425"]
[EventDate "2011.11.12"]

1. e4 e5 2. Nf3 Nc6 3. Nc3 Nf6 4. Bb5 Bd6 5. d3 a6 6. Ba4 h6 7. a3 O-O 8. g4 Bc5
9. g5 Ng4 10. gxh6 Nxf2 11. Qd2 Qf6 12. hxg7 Re8 13. Rf1 Qxf3 14. Qh6 Qh3 15.
Nd5 Qxh6 16. Bxh6 Re6 17. Bd2 Rg6 18. Rxf2 Bxf2+ 19. Kxf2 Rxg7 20. h4 b5 21. Bb3
Nd4 22. h5 Nxb3 23. cxb3 Rg4 24. Nxc7 Rb8 25. Ne8 Kh8 26. Nd6 f6 27. Rc1 Bb7 28.
Rc7 Bc6 29. Bc3 Rbg8 30. Nf5 Rg2+ 31. Ke3 Rh2 32. h6 Rgg2 33. Kf3 Rg5 0-1

[Event "4NCL 2011-12"]
[Site "Hinckley ENG"]
[Date "2012.01.15"]
[Round "4.25"]
[White "Longson, Alexander"]
[Black "Nelson, Jonathan P"]
[Result "1/2-1/2"]
[WhiteElo "2281"]
[BlackElo "2203"]
[WhiteTeam "e2e4.org.uk"]
[BlackTeam "Blackthorne Russia"]
[WhiteFideId "408093"]
[BlackFideId "404195"]
[EventDate "2011.11.12"]

1. e4 d6 2. d4 Nf6 3. Nc3 g6 4. Be3 c6 5. Qd2 Nbd7 6. h3 e5 7. Nf3 Qc7 8. Bd3
Bg7 9. dxe5 dxe5 10. Ne2 O-O 11. Ng3 c5 12. Qe2 b6 13. O-O Bb7 14. Nd2 Rfe8 15.
Ba6 Bxa6 16. Qxa6 Nb8 17. Qc4 Nc6 18. c3 Na5 19. Qe2 Qe7 20. Rfd1 Qe6 21. b3 h5
22. Nf3 Qc6 23. Bg5 Nh7 24. Rd5 f6 25. Be3 Rad8 26. Rad1 Rxd5 27. Rxd5 Nf8 28.
Qd1 Nb7 29. Nh4 Qe6 30. Qd3 Qf7 31. Bc1 Kh7 32. Nf1 Re7 33. g3 Rd7 34. Ne3 Rxd5
35. Nxd5 Ne6 36. f4 Nf8 37. Nf3 exf4 38. gxf4 Qd7 39. Kg2 Nd6 40. c4 Qe6 41. e5
Ne8 42. Bb2 Kg8 43. f5 gxf5 44. Nf4 Qc6 45. Qxf5 fxe5 46. Bxe5 Bxe5 47. Qxe5 Ng7
48. Nxh5 Qg6+ 49. Ng3 Nfe6 50. Qe4 Qf6 51. Qe5 1/2-1/2

[Event "4NCL 2011-12"]
[Site "Hinckley ENG"]
[Date "2012.01.15"]
[Round "4.26"]
[White "Ledger, Dave J"]
[Black "Arutyunova, Diana"]
[Result "1-0"]
[WhiteTitle "FM"]
[BlackTitle "WGM"]
[WhiteElo "2228"]
[BlackElo "2283"]
[WhiteTeam "Blackthorne Russia"]
[BlackTeam "e2e4.org.uk"]
[WhiteFideId "401986"]
[BlackFideId "14107244"]
[EventDate "2011.11.12"]

1. e4 e6 2. d4 d5 3. Nc3 Nf6 4. e5 Nfd7 5. f4 c5 6. Nf3 Nc6 7. Be3 a6 8. Qd2
cxd4 9. Nxd4 g5 10. g3 gxf4 11. gxf4 Qh4+ 12. Qf2 Qxf2+ 13. Kxf2 Nxd4 14. Bxd4
Bh6 15. Kf3 f6 16. exf6 Kf7 17. Na4 Re8 18. Re1 b5 19. Nb6 Nxb6 20. Bxb6 Kxf6
21. Bd4+ Kf7 22. Rg1 Rf8 23. Bd3 Ke8 24. Rg4 Rf7 25. Reg1 Bf8 26. Rh4 Bd6 27.
Rg8+ Ke7 28. Rg7 Rxg7 29. Bxg7 Kd8 30. Rxh7 Bd7 31. Rh8+ Be8 32. h4 Ra7 33. Bf6+
Be7 34. Bxe7+ Rxe7 35. Bg6 e5 36. fxe5 Rxe5 37. Rxe8+ Rxe8 38. Bxe8 Kxe8 39. Kf4 1-0

[Event "4NCL 2011-12"]
[Site "Hinckley ENG"]
[Date "2012.01.15"]
[Round "4.27"]
[White "Mladenov, Ilian"]
[Black "Ledger, Stephen C"]
[Result "1-0"]
[WhiteElo "2221"]
[BlackElo "2107"]
[WhiteTeam "e2e4.org.uk"]
[BlackTeam "Blackthorne Russia"]
[WhiteFideId "2906180"]
[BlackFideId "404470"]
[EventDate "2011.11.12"]

1. d4 Nf6 2. Nf3 c5 3. c3 e6 4. Bg5 Be7 5. e3 b6 6. Nbd2 Bb7 7. Bd3 d6 8. O-O
Nbd7 9. e4 d5 10. e5 Ne4 11. Bxe7 Qxe7 12. Re1 Nxd2 13. Qxd2 O-O 14. h4 f5 15.
exf6 Rxf6 16. Qg5 Re8 17. Re3 Nf8 18. Ne5 Qc7 19. Ng4 Rf4 20. g3 cxd4 21. cxd4
Rxd4 22. Nf6+ Kf7 23. Nxe8 Kxe8 24. Rae1 Kf7 25. Rxe6 Nxe6 26. Qf5+ Kg8 27.
Qxe6+ Qf7 28. Bxh7+ 1-0

[Event "4NCL 2011-12"]
[Site "Hinckley ENG"]
[Date "2012.01.15"]
[Round "4.28"]
[White "Yurenok, Maria S"]
[Black "Sugden, John N"]
[Result "1-0"]
[WhiteTitle "WFM"]
[WhiteElo "2106"]
[BlackElo "2180"]
[WhiteTeam "Blackthorne Russia"]
[BlackTeam "e2e4.org.uk"]
[WhiteFideId "409359"]
[BlackFideId "402001"]
[EventDate "2011.11.12"]

1. d4 Nf6 2. c4 c5 3. d5 e5 4. Nc3 d6 5. e4 Be7 6. Bd3 O-O 7. h3 Ne8 8. Nf3 Nd7
9. g4 Nc7 10. Be3 Re8 11. Qd2 a6 12. Rg1 Nf8 13. h4 b5 14. h5 bxc4 15. Bxc4 Nb5
16. Nxb5 axb5 17. Bxb5 Bd7 18. Bc4 Qb8 19. Qe2 Bd8 20. b3 Ba5+ 21. Bd2 Bxd2+ 22.
Nxd2 Qd8 23. a4 Qe7 24. Nf1 h6 25. Ne3 Nh7 26. Rg3 Ng5 27. Nf5 Bxf5 28. gxf5 Qc7
29. Bb5 Reb8 30. Rc1 Qa5+ 31. Kf1 f6 32. Kg2 Ra7 33. Rc4 Rc7 34. Qe3 Rbc8 35.
Qc3 Qb6 36. Re3 Ra7 37. Qc1 Qb7 38. Rec3 Qf7 39. Qd1 Rac7 40. Bc6 Rb8 41. Rc1
Kh7 42. Bb5 Rbc8 43. a5 Rb8 44. Bc6 Ra7 45. Ra1 Ra6 46. Rca4 Qc7 47. Qe2 Ra7 48.
Bb5 Nf7 49. Bc4 Kg8 50. a6 Ng5 51. Rb1 Nh7 52. b4 cxb4 53. Raxb4 Rxb4 54. Rxb4
Qc5 55. Rb8+ Nf8 56. Qe3 Qc7 57. Qb6 Qxc4 58. Qxa7 Qxe4+ 59. f3 Qxd5 60. Qf2 Qc6
61. a7 1-0

[Event "4NCL 2011-12"]
[Site "Hinckley ENG"]
[Date "2012.01.15"]
[Round "4.31"]
[White "Player, Edmund C"]
[Black "Richardson, John R"]
[Result "0-1"]
[BlackTitle "FM"]
[WhiteElo "2199"]
[BlackElo "2331"]
[WhiteTeam "Anglian Avengers"]
[BlackTeam "The AD's"]
[WhiteFideId "406520"]
[BlackFideId "401617"]
[EventDate "2011.11.12"]

1. e4 c6 2. d4 d5 3. Nc3 dxe4 4. Nxe4 Bf5 5. Ng3 Bg6 6. h4 h6 7. h5 Bh7 8. Nf3
Nd7 9. Bd3 Bxd3 10. Qxd3 e6 11. Bd2 Ngf6 12. O-O-O Be7 13. Kb1 O-O 14. c4 b5 15.
Rc1 bxc4 16. Rxc4 Qb6 17. Rhc1 c5 18. Be3 Rab8 19. R1c2 Qb5 20. R4c3 Nd5 21.
dxc5 Nxc3+ 22. Qxc3 Rfc8 23. c6 Nb6 24. Nd4 Qd5 25. Bf4 Na4 26. Qe3 Rb4 27. Nge2
Bf6 28. Nb3 Rxc6 29. Rxc6 Qxc6 30. Ned4 Bxd4 31. Nxd4 Rxb2+ 32. Ka1 Qc4 33. Nb3
Qc2 0-1

[Event "4NCL 2011-12"]
[Site "Hinckley ENG"]
[Date "2012.01.15"]
[Round "4.32"]
[White "Wheeler, Darren P"]
[Black "Talsma, Paul"]
[Result "1-0"]
[WhiteElo "2272"]
[BlackElo "2246"]
[WhiteTeam "The AD's"]
[BlackTeam "Anglian Avengers"]
[WhiteFideId "410136"]
[BlackFideId "1018779"]
[EventDate "2011.11.12"]

1. e4 e5 2. Nf3 Nc6 3. Bb5 a6 4. Bxc6 dxc6 5. O-O f6 6. d4 exd4 7. Nxd4 c5 8.
Nb3 Qxd1 9. Rxd1 Bg4 10. f3 Be6 11. Be3 b6 12. a4 Kf7 13. a5 c4 14. Nd4 b5 15.
Nc3 Bd6 16. f4 Re8 17. Rf1 Bc8 18. e5 Bc5 19. Rae1 Nh6 20. Ne4 Bb4 21. c3 Bxa5
22. Nc6 Bf5 23. Bc5 Bb6 24. Bxb6 Bxe4 25. Rxe4 cxb6 26. Rd1 Kg6 27. e6 Ng4 28.
e7 Nh6 29. Re6 Kf7 30. Nd8+ Kg6 31. h3 Kf5 32. Rd5+ Kg6 33. g4 Rhg8 34. Kg2 Rh8
35. h4 Nxg4 36. h5+ Kh6 37. Nf7# 1-0

[Event "4NCL 2011-12"]
[Site "Hinckley ENG"]
[Date "2012.01.15"]
[Round "4.33"]
[White "Spence, David J"]
[Black "Snape, Ian L"]
[Result "1-0"]
[WhiteElo "2211"]
[BlackElo "2231"]
[WhiteTeam "Anglian Avengers"]
[BlackTeam "The AD's"]
[WhiteFideId "407429"]
[BlackFideId "404489"]
[EventDate "2011.11.12"]

1. e4 Nf6 2. e5 Nd5 3. d4 d6 4. Nf3 dxe5 5. Nxe5 c6 6. Be2 Bf5 7. O-O Nd7 8. Nc4
e6 9. Ne3 Nxe3 10. fxe3 Bd6 11. Bf3 Qc7 12. h3 Nf6 13. Nc3 Bh2+ 14. Kh1 h5 15.
e4 Ng4 16. exf5 exf5 17. Ne2 O-O-O 18. Qd3 g6 19. Nf4 Bxf4 20. Bxf4 Qxf4 21.
Bxg4 Qxd4 22. Qxd4 Rxd4 23. Be2 Re8 24. Bd3 b5 25. Rae1 Re6 26. Rd1 Kc7 27. b3
a5 28. Kg1 Kb6 29. Kf2 Rf4+ 30. Kg3 Rd4 31. Kf3 Kc5 32. c3 Rd8 33. Kf2 Rde8 34.
Rfe1 R8e7 35. Re2 Re8 36. Rde1 R8e7 37. Kf3 Rd7 38. Bc2 Rde7 39. Rxe6 fxe6 40.
Kf4 b4 41. cxb4+ axb4 42. Ke5 g5 43. Rc1 Kb6 44. Kd6 Re8 45. Kd7 Rb8 46. Kxe6 f4
47. Bd1 Rd8 48. Bxh5 Rd2 49. Bf3 c5 50. Kf5 Rxa2 51. Kxg5 Rb2 52. Bd5 Rd2 53.
Be4 Rb2 54. Rb1 Rf2 55. h4 c4 56. bxc4 Kc5 57. h5 Kxc4 58. h6 Rd2 59. h7 1-0

[Event "4NCL 2011-12"]
[Site "Hinckley ENG"]
[Date "2012.01.15"]
[Round "4.34"]
[White "Anderton, David W"]
[Black "Gregory, Stephen J"]
[Result "1-0"]
[WhiteTitle "CM"]
[WhiteElo "2221"]
[BlackElo "2124"]
[WhiteTeam "The AD's"]
[BlackTeam "Anglian Avengers"]
[WhiteFideId "401668"]
[BlackFideId "410837"]
[EventDate "2011.11.12"]

1. d4 Nf6 2. Nf3 d6 3. g3 g6 4. Bg2 Bg7 5. c4 O-O 6. O-O Nbd7 7. Nc3 e5 8. e4 h6
9. h3 exd4 10. Nxd4 a6 11. Be3 Re8 12. Qc2 Rb8 13. Rad1 c5 14. Nde2 Qe7 15. Nf4
b5 16. cxb5 axb5 17. b4 Bb7 18. Ncd5 Nxd5 19. exd5 Rec8 20. Qb1 c4 21. Rfe1 Qf8
22. Bd4 Re8 23. Qb2 Bxd4 24. Qxd4 Rxe1+ 25. Rxe1 Ra8 26. Re2 Qg7 27. Qd2 Ne5 28.
Kh2 c3 29. Qc2 Ra4 30. Re3 Rxb4 31. Rxc3 Nc4 32. Rb3 Ra4 33. Qe2 Qe5 34. Qg4 Kg7
35. Qd7 Ba6 36. Ne6+ Kf6 37. Rf3+ 1-0